Ace Frehley Albums - Statistics

General Stats
  • This quiz has been taken 11 times
    7 since last reset
  • The average score is 5 of 15
Answer Stats
Hint Albums % Correct
1978 Ace Frehley
100%
1987 Frehley's Comet
83%
2024 10,000 Volts
67%
2014 Space Invader
50%
2018 Spaceman
50%
1989 Trouble Walkin'
50%
2009 Anomaly
33%
1988 Second Sighting
33%
1988 Live + 1
17%
2016 Origins Vol.1
17%
2020 Origins Vol.2
17%
2018 Bronx Boy
0%
2006 Greatest Hits Live
0%
1989 Live + 4
0%
2025 Origins Vol.3
0%
No matching quizzes found
Score Distribution
Percent of People with Each Score
Percentile by Number Answered
Your Score History
You have not taken this quiz since the last reset